Statistics for Spam the letter Q on your keyboard

Click here to take the quiz!

General Stats

  • This quiz has been taken 629 times
  • The average score is 88 of 100

Answer Stats

HintAnswer% Correct
Q?Q
100%
Q?Q
100%
Q?Q
100%
Q?Q
99%
Q?Q
99%
Q?Q
99%
Q?Q
98%
Q?Q
98%
Q?Q
98%
Q?Q
98%
Q?Q
98%
Q?Q
97%
Q?Q
96%
Q?Q
96%
Q?Q
96%
Q?Q
96%
Q?Q
96%
Q?Q
96%
Q?Q
95%
Q?Q
95%
Q?Q
95%
Q?Q
95%
Q?Q
95%
Q?Q
94%
Q?Q
94%
Q?Q
94%
Q?Q
94%
Q?Q
94%
Q?Q
94%
Q?Q
94%
Q?Q
94%
Q?Q
94%
Q?Q
94%
Q?Q
93%
Q?Q
93%
Q?Q
93%
Q?Q
93%
Q?Q
93%
Q?Q
93%
Q?Q
93%
Q?Q
93%
Q?Q
93%
Q?Q
93%
Q?Q
93%
Q?Q
93%
Q?Q
92%
Q?Q
92%
Q?Q
92%
Q?Q
92%
Q?Q
92%
Q?Q
91%
Q?Q
91%
Q?Q
91%
Q?Q
91%
Q?Q
91%
Q?Q
90%
Q?Q
90%
Q?Q
90%
Q?Q
90%
Q?Q
90%
Q?Q
90%
Q?Q
90%
Q?Q
89%
Q?Q
89%
Q?Q
89%
Q?Q
89%
Q?Q
89%
Q?Q
89%
Q?Q
88%
Q?Q
88%
Q?Q
88%
Q?Q
87%
Q?Q
87%
Q?Q
85%
Q?Q
84%
Q?Q
84%
Q?Q
84%
Q?Q
83%
Q?Q
82%
Q?Q
82%
Q?Q
79%
Q?Q
79%
Q?Q
78%
Q?Q
78%
Q?Q
77%
Q?Q
76%
Q?Q
74%
Q?Q
72%
Q?Q
72%
Q?Q
70%
Q?Q
68%
Q?Q
68%
Q?Q
67%
Q?Q
64%
Q?Q
62%
Q?Q
62%
Q?Q
61%
Q?Q
60%
Q?Q
59%
Q?Q
58%

Score Distribution

Percentile by Number Answered

Percent of People with Each Score

Your Score History

You have not taken this quiz